Culture Générale - Série 2701 - Statistiques

Statistiques générales
  • Ce quiz a été pris 132 fois
  • Le résultat moyen est 5 sur 10
Statistiques - réponses
Question Réponse % Correct
Quel est le premier livre imprimé par Gutenberg dès 1455 ? la bible
89%
En quelle année les deux Allemagnes ont-elles été réunifiées ? 1990
85%
De quel pays les geta sont-elles des chaussures traditionnelles ? voir photo Japon
66%
Comment appelle-t-on au Sahara un désert de pierres ? reg
62%
Quel fruit peut être appelé pirouette,elstar, wellant ? pomme
52%
Quelle ville est considérée comme la capitale mondiale du diamant ? Anvers
51%
De quel pays l'Indonésie a-t-elle obtenu l'indépendance en 1949 ? Pays Bas
51%
Sous quel nom connait-on mieux la chanteuse Anne Peichert ? Louane
15%
Objet de la liturgie chrétienne utilisé pour asperger d'eau bénite objets ou personnes participant à une cérémonie religieuse goupillon
14%
Dans quel pays se déroule le roman de Jules Verne "Les Indes noires" ? Ecosse
5%
Aucun quiz correspondant
Distribution des résultats
% des personnes avec chaque résultat
Percentile par nombre de réponses
Votre historique - résultats
Vous n’avez pas pris ce quiz